España ante sus fantasmas (Record no. 185340)

MARC details
000 -LEADER
campo de control de longitud fija 00838nam a2200241 i 4500
001 - NÚMERO DE CONTROL
campo de control 185340
003 - IDENTIFICADOR DE NÚMERO DE CONTROL
campo de control SpMaBN
005 - FECHA Y HORA DE LA ÚLTIMA TRANSACCIÓN
campo de control 20231130192640.0
008 - DATOS DE LONGITUD FIJA--INFORMACIÓN GENERAL
campo de control de longitud fija 160523s2006 sp |||| | spa d
020 ## - NÚMERO INTERNACIONAL ESTÁNDAR DEL LIBRO
Número Internacional Estándar del Libro 978-84-323-1273-1
080 ## - NÚMERO DE LA CLASIFICACIÓN DECIMAL UNIVERSAL
Número de la Clasificación Decimal Universal 32(460)"1975/..."
100 1# - ENTRADA PRINCIPAL--NOMBRE DE PERSONA
Nombre de persona Tremlett, Giles.
9 (RLIN) 159604
245 10 - MENCIÓN DEL TÍTULO
Título España ante sus fantasmas
Resto del título : un recorrido por un país en transición /
Mención de responsabilidad, etc. Giles Tremlett ; traducción de Patricia Varona.
260 ## - PUBLICACIÓN, DISTRIBUCIÓN, ETC.
Lugar de publicación, distribución, etc. Madrid :
Nombre del editor, distribuidor, etc. Siglo XXI de España,
Fecha de publicación, distribución, etc. 2006.
300 ## - DESCRIPCIÓN FÍSICA
Extensión XI, 418 p. ;
Dimensiones 23 cm.
500 ## - NOTA GENERAL
Nota general Índice.
504 ## - NOTA DE BIBLIOGRAFÍA, ETC.
Nota de bibliografía, etc. Bibliografía: p. 397-405.
651 #7 - PUNTO DE ACCESO ADICIONAL DE MATERIA--NOMBRE GEOGRÁFICO
Nombre geográfico España-
Subdivisión general Política y gobierno-
Subdivisión cronológica 1975-
9 (RLIN) 159606
700 1# - ENTRADA AGREGADA--NOMBRE PERSONAL
Nombre de persona Varona Codeso, Patricia.
9 (RLIN) 159607
852 ## - LOCALIZACIÓN
Ubicación ES-MaACL
Número de control de estantería A-13771
itemnumber 192366
Sublocalización o colección R.151118
Ubicación en estantería Depósito 1
Signatura antigua Olim: N-6771
942 ## - ELEMENTOS DE ENTRADA SECUNDARIOS (KOHA)
Fuente del sistema de clasificación o colocación Clasificación decimal universal
Tipo de ítem Koha Libro impreso
Holdings
Estatus retirado Estado de pérdida Fuente del sistema de clasificación o colocación Estado de daño No para préstamo Biblioteca de origen Biblioteca actual Ubicación en estantería Fecha de adquisición Fuente de adquisición Total de préstamos Signatura topográfica completa Código de barras Visto por última vez Precio de reemplazo Tipo de ítem Koha
    Clasificación decimal universal     Biblioteca del Ateneo de Madrid Biblioteca del Ateneo de Madrid Depósito 1 23/05/2016 Donación   A-13771 1195267 23/02/2023 23/02/2023 Libro impreso